LEADER 00516nab a2200169 i 4500 001 000000288462 003 CaOOAMICUS 005 20190402154837.0 008 160107n xx uu u0 0und r 013 $a42557 040 $aSeMil$bita 245 10$a2015 : 4. 500 $aContiene : Kant-Bibliographie 2013. 773 0 $t2015.$dBerlin ; Boston : De Gruyter, copyr. 2015.$w()241276 774 0 $tKant-Bibliographie 2013.$w()326030 996 $6245$a2015 : 4$9(OLS)http://semarc/title/351467 LEADER 00735nam a2200217 i 4500 001 000000098603 003 CaOOAMICUS 005 20240408135427.0 008 180830s1972 xx u000 u und u 013 $a70755 040 $aSeMil$bita 100 1 $aMandel'?tam, O?ip,$d<1891-1938>.$0(OLS)http://semarc/name/92531 245 10$aPoesie. 260 $aMilano :$bGarzanti,$c1972. 300 $a192 p. 700 1 $aVitale, Serena,$d<1945- >.$0(OLS)http://semarc/name/37047 850 $aSeMil 852 $aSeMil$W1$xVenegono$y1$m60 12 388 *$j56384$B56384$CSeMilBibl$Z2$F66114 $81 996 $6245$aPoesie$9(OLS)http://semarc/title/2284 996 $6260$aMilano :$bGarzanti$9(OLS)http://semarc/publisher/29852